Lịch sử tiến hóa trái đất địa sử

TM tài liệu tham khảo tr.321-322; Dùng cho sinh viên đại học và học viên sau đại học; Giới thiệu đến bạn đọc những kiến thức chung nhất về sự tiến hóa của trái đất ở khía cạnh địa sử, gồm 2 phần chính: các khái niệm cơ bản và các phương p...

Fuld beskrivelse

Đã lưu trong:
Bibliografiske detaljer
Hovedforfatter: Tống, Duy Thanh
Format: Bog
Sprog:Undetermined
Udgivet: H. Đại học quốc gia Hà Nội 2009
Fag:
Online adgang:http://lrc.tdmu.edu.vn/opac/search/detail.asp?aID=2&ID=3402
Tags: Tilføj Tag
Ingen Tags, Vær først til at tagge denne postø!
Thư viện lưu trữ: Trung tâm Học liệu Trường Đại học Thủ Dầu Một
LEADER 01206nam a2200217Ia 4500
001 TDMU_3402
008 210410s9999 xx 000 0 und d
082 |a 551.09 
090 |b T455 
100 |a Tống, Duy Thanh 
245 0 |a Lịch sử tiến hóa trái đất 
245 0 |b địa sử 
245 0 |c Tống Duy Thanh 
260 |a H. 
260 |b Đại học quốc gia Hà Nội 
260 |c 2009 
300 |a 339tr. 
520 |a TM tài liệu tham khảo tr.321-322; Dùng cho sinh viên đại học và học viên sau đại học; Giới thiệu đến bạn đọc những kiến thức chung nhất về sự tiến hóa của trái đất ở khía cạnh địa sử, gồm 2 phần chính: các khái niệm cơ bản và các phương pháp, các giai đoạn phát triển của vỏ trái đất. Sách dùng cho sinh viên hệ đại học và sau đại học. 
650 |a Trái đất  |x Tiến hóa; Địa chất học  |x Lịch sử 
856 |u http://lrc.tdmu.edu.vn/opac/search/detail.asp?aID=2&ID=3402 
980 |a Trung tâm Học liệu Trường Đại học Thủ Dầu Một